000
00286nam a2200133Ia 4500
001
12070
003
GE_BSU
008
181216s||||||||xx |||||||||||||| ||und||
040
_c
GE_BSU
100
_a
Cookson,Catherine.
245
2
_a
A Ruthless need
653
_a
A Ruthless need
942
_c
BK
999
_c
45247
_d
45247